000 00556nam a2200241Ia 4500
008 210210b1934 xxu||||| |||| 00| 0 eng d
041 _aeng
082 _a826/193
100 _aWARD
245 _aCambridge history of english literature Vol XI
260 _aCambridge
_bAt the University Press
_c1934
440 _aXI
650 _aXI
650 _aVol
650 _aof
650 _aliterature
650 _ahistory
650 _aenglish
650 _aCambridge
690 _aHistory of Literature
700 _aWALLER
906 _a015741
999 _c135132
_d135132